| 000 | 00618nam a2200205Ia 4500 | ||
|---|---|---|---|
| 005 | 20260429112337.0 | ||
| 008 | 260429s9999||||xx |||||||||||||| ||und|| | ||
| 020 | _a9788126718351 | ||
| 041 | _aHindi | ||
| 082 |
_a891.432 _bSAH |
||
| 100 | _aसाहनी, भीष्म | ||
| 245 | 0 |
_aसंपूर्ण नाटक / _cभीष्म साहनी |
|
| 250 | _a2nd ed. | ||
| 260 |
_aनई दिल्ली : _bराजकमल प्रकाशन, _c2019. |
||
| 300 | _a599 p.; hb | ||
| 440 | _vVol. 1 | ||
| 650 | _aDrama | ||
| 700 | _a साहनी, कल्पना | ||
| 942 | _cTB | ||
| 999 |
_c53600 _d53600 |
||